Southville International School and Colleges
Your cart is empty.
  • Cart
  • Lists
    Public lists Eva Luna New books Lux_list list_1
    Your lists Log in to create your own lists
  • Log in to your account
  • Your cookies
  • Search history
Southville International School and Colleges
  • Advanced search
  • Recent comments
  • Most popular
  • Libraries

Log in to your account

Log in with GOOGLE


If you do not have an external account, but do have a local account, you can still log in:

  1. Home
  2. MARC view: Cheap :
Normal view MARC view ISBD view

Cheap : (Record no. 23197)

[ view plain ]
MARC details
000 -LEADER
fixed length control field 00650nam a2200229 a 4500
005 - DATE AND TIME OF LATEST TRANSACTION
control field 20140310183443.0
008 - FIXED-LENGTH DATA ELEMENTS--GENERAL INFORMATION
fixed length control field 080919s19uu xx 00 eng d
020 ## - INTERNATIONAL STANDARD BOOK NUMBER
International Standard Book Number 0749445343
050 ## - LIBRARY OF CONGRESS CALL NUMBER
Classification number HF 5415.32
Item number .B67 2006
100 ## - MAIN ENTRY--PERSONAL NAME
Personal name Bosshart, David
245 ## - TITLE STATEMENT
Title Cheap :
Remainder of title the real cost of the global trend for bargains, discounts & consumer choice /
Statement of responsibility, etc David Bosshart.
260 ## - PUBLICATION, DISTRIBUTION, ETC. (IMPRINT)
Place of publication, distribution, etc London :
Name of publisher, distributor, etc Kogan Page,
Date of publication, distribution, etc 2006.
300 ## - PHYSICAL DESCRIPTION
Extent 197 p. :
Dimensions 25 cm.
521 ## - TARGET AUDIENCE NOTE
Target audience note
650 ## - SUBJECT ADDED ENTRY--TOPICAL TERM
Topical term or geographic name as entry element Marketing.
650 ## - SUBJECT ADDED ENTRY--TOPICAL TERM
Topical term or geographic name as entry element Consumers preferences.
650 ## - SUBJECT ADDED ENTRY--TOPICAL TERM
Topical term or geographic name as entry element Discount.
650 ## - SUBJECT ADDED ENTRY--TOPICAL TERM
Topical term or geographic name as entry element Cost.
650 ## - SUBJECT ADDED ENTRY--TOPICAL TERM
Topical term or geographic name as entry element Globalization.
942 ## - ADDED ENTRY ELEMENTS (KOHA)
Koha item type Books
Source of classification or shelving scheme Library of Congress Classification
Call number prefix Foreign
Holdings
Withdrawn status Lost status Source of classification or shelving scheme Damaged status Home library Current library Shelving location Date acquired Source of acquisition Total Checkouts Full call number Barcode Date last seen Copy number Price effective from Koha item type
    Library of Congress Classification   College Library College Library General Circulation Section 09/19/2008 Donation   HF 5415.32 .B67 2006 C9776 05/15/2018 1 10/18/2013 Books

Cheap :

APA

Bosshart D., . (2006). Cheap. London: Kogan Page.

Chicago

Bosshart David, . 2006. Cheap. London: Kogan Page.

Harvard

Bosshart D., . (2006). Cheap. London: Kogan Page.

MLA

Bosshart David, . Cheap. London: Kogan Page. 2006.

  • Place hold
  • Print
  • Cite
  • Add to your cart (remove)
  • Save record
    BIBTEX Dublin Core MARCXML MARC (non-Unicode/MARC-8) MARC (Unicode/UTF-8) MARC (Unicode/UTF-8, Standard) MODS (XML) RIS
  • More searches
    Search for this title in:
    Other Libraries (WorldCat) Other Databases (Google Scholar) Online Stores (Bookfinder.com) Open Library (openlibrary.org)

Exporting to Dublin Core...

SOUTHVILLE LIBRARY

Southville International School and Colleges Library

1281 Tropical Ave. Cor. Luxembourg St., BF Homes International, Las Pinas City

Tel. No. 8256374 / 252358 Loc. 117/146

Powered by Koha